Statistics for Countries with a "V"

Click here to take the quiz!

General Stats

  • This quiz has been taken 75 times
  • The average score is 13 of 18

Answer Stats

Answer% Correct
Venezuela
98%
Vanuatu
95%
Vatican City
95%
Vietnam
94%
Tuvalu
86%
Latvia
82%
Moldova
74%
Slovenia
74%
Slovakia
72%
Kosovo
71%
Saint Vincent and the
Grenadines
71%
Bolivia
66%
Bosnia and
Herzegovina
62%
Ivory Coast
62%
Maldives
58%
Saint Kitts and Nevis
51%
Cape Verde
48%
El Salvador
46%

Score Distribution

Percentile by Number Answered

Percent of People with Each Score

Your Score History

You have not taken this quiz